00234nam a2200085Ia 4500008004100000041000800041100001800049245004600067260003500113241105s9999 xx 000 0 und d aeng aPatil Janhavi aSchool Of Architecture At Pune For Aissms bFinal Year B. Arch, BNCAc2014